000 003150000a22001450004500
003 MACL
040 _aMACL
090 _c44865
_d44863
100 _aGill, Ranjit Singh
245 _aThe Ten Masters
260 _bAravali books international
_c2007
350 _a2500
650 _aReligion
942 _cBOOK
_k294/GIL
999 _c44408
_d44408